000 00687cam a2200229 4500500
005 20260405003314.0
041 _afre
042 _adc
100 1 0 _aPortevin, Catherine
_eauthor
245 0 0 _aL’Altération des mondes. Versions de Philip K. Dick
260 _c2021.
500 _a46
690 _aConspirationnisme
690 _aÉtats-Unis
690 _aParanoïa
690 _aPhilip K. Dick
690 _aPluralité
690 _aRéel
690 _aScience-fiction
786 0 _nPhilosophie magazine | 150 | 6 | 2021-06-01 | p. 78-79 | 1951-1787
856 4 1 _uhttps://shs.cairn.info/magazine-philosophie-magazine-2021-6-page-78?lang=fr&redirect-ssocas=7080
999 _c2066316
_d2066316